Statistics for Prophets of the Bible

Click here to take the quiz!

General Stats

  • This quiz has been taken 187 times
  • The average score is 10 of 17

Answer Stats

HintAnswer% Correct
MajorIsaiah
74%
MajorJeremiah
74%
MajorEzekiel
69%
MajorDaniel
68%
MinorAmos
66%
MinorJonah
66%
MinorMalachi
60%
MinorMicah
58%
MinorJoel
57%
MinorHosea
55%
MinorHabakkuk
52%
MinorObadiah
51%
MinorZechariah
51%
MinorNahum
49%
MinorZephaniah
49%
MinorHaggai
48%
MajorLamentations
22%

Score Distribution

Percentile by Number Answered

Percent of People with Each Score

Your Score History

You have not taken this quiz